[Event "Østlandsserien 2019/2020, 4. div. F"]
[Site "Ås, Viken NOR"]
[Date "2020.03.08"]
[Round "5"]
[White "Lilleøren, David"]
[Black "Bakkerud, Balder Jonsson"]
[Result "1-0"]
[WhiteElo "2029"]
[BlackElo "1196"]
[PlyCount "67"]
[EventDate "2019.11.03"]
[WhiteTeam "Offerspill 6"]
[BlackTeam "Follo 3"]

1. Nf3 Nf6 2. c4 c5 3. Nc3 Nc6 4. d4 cxd4 5. Nxd4 e5 6. Nc2 Bc5 7. Be3 Bxe3 8.
Nxe3 O-O 9. g3 Nd4 10. Bg2 d6 11. O-O Rb8 12. Rc1 Be6 13. Ncd5 Nxd5 14. cxd5
Bd7 15. Nc4 Bb5 16. e3 Nf5 17. Qb3 Bxc4 18. Rxc4 b6 19. Rfc1 Ne7 20. Rc7 Rc8
21. Rxc8 Nxc8 22. Bf1 Ne7 23. Ba6 f5 24. f4 e4 25. Qb5 Qe8 26. Qxe8 Rxe8 27.
Bb7 Rb8 28. Rc7 Kf8 29. Kf2 Ke8 30. Bc6+ Nxc6 31. dxc6 Kf8 32. Rd7 Rc8 33. c7
Ke8 34. Rxg7 1-0

[Event "Østlandsserien 2018/2019, 4. div. E"]
[Site "Oslo NOR"]
[Date "2018.11.04"]
[Round "1"]
[White "Furnes, Torstein"]
[Black "Monsen, Glenn-Robert"]
[Result "1-0"]
[WhiteElo "1787"]
[BlackElo "1477"]
[Annotator "Furnes, Torstein"]
[PlyCount "101"]
[EventDate "2018.11.04"]
[WhiteTeam "Follo 1"]
[BlackTeam "SK 1911 6"]

1. d4 d5 2. c4 Nf6 3. cxd5 Nxd5 4. e4 Nb6 5. Nf3 g6 6. Be2 Bg7 7. O-O O-O 8.
Nc3 Bg4 9. Be3 Bxf3 10. Bxf3 Nc4 11. Qb3 Nxe3 12. fxe3 b6 13. e5 c6 14. Rac1
Bh6 15. Ne4 a5 16. Rc3 a4 17. Qc2 b5 18. Re1 Qb6 19. Kf2 Ra7 20. Rc1 Rc7 21.
Nd2 Rfc8 22. g4 $6 $15 {Fritz er ikke begeistret for dette trekket, og senker
stillingsvurderingen fra +1.2 til -0.5.} e6 $6 $16 {Men nå er hvitfordelen
tilbake på +1.5.} ({Svart måtte spille} 22... Na6 {for å beholde fordelen.
Merk at det da vil være dårlig for hvit å slå på c6:} 23. Rxc6 $2 (23. Bxc6 $2
Nb4 24. Qb1 (24. Qe4 Nxa2) 24... Rxc6) 23... Rxc6 24. Bxc6 Nb4) 23. Ne4 Na6 {
Hittil har vi hatt et relativt rolig parti. Fokuset har de siste trekkene vært
rettet mot c6-feltet. Men nå bryter komplikasjonene løs for alvor:} 24. Nd6 ({
Bedre enn} 24. Nf6+ Kh8 {som ikke oppnår noe særlig for hvit.}) 24... Nb4 ({
Fritz vurderer alternativet} 24... Rd8 {som omtrent like godt} 25. a3 ({ikke} 
25. Rxc6 $2 Nb4) 25... c5 26. dxc5 Qa5) 25. Nxc8 Bxe3+ $2 $18 ({Her var nok
svart nødt til å spille} 25... Rxc8) ({Etter} 25... Nxc2 $2 26. Nxb6 {har hvit
vunnet tårn}) 26. Rxe3 ({Hvit må for all del unngå} 26. Kxe3 $4 Nxc2+ {der
svart får slått dronningen med sjakk.}) 26... Qxd4 27. Qc3 Qf4 28. Rh1 $2 {
Hvitfordelen faller betraktelig etter dette tårntrekket. Hensikten var å unngå
Dxh2 eller Sxa2 med springergaffel.} ({Hvits beste trekk er} 28. Nd6) 28... Nd5
({Merk at} 28... Rxc8 $4 {ville vært en stor feil pga} 29. Re4) 29. Re4 ({Etter
} 29. Qd2 Qxe3+ 30. Qxe3 Nxe3 31. Kxe3 Rxc8 32. Rd1 {har svart to bønder for
løperen.}) 29... Qg5 ({Her burde svart spilt} 29... Qxe4 30. Bxe4 Nxc3 31. bxc3
Rxc8 {med to bønder for løperen. Hvit har svake isolerte bønder.}) (29... Nxc3
$2 30. Rxf4 {ville vært dårlig for svart.}) 30. Qc1 Qh4+ 31. Kg2 {Hvit truer å
spille g5.} f5 (31... Rxc8 32. g5 Nf4+ 33. Qxf4 Qxf4 34. Rxf4) 32. gxf5 Qd8 33.
Nd6 gxf5 34. Rd4 Rg7+ 35. Kf2 Qb6 36. Qd2 Ne7 37. Rg1 Ng6 38. Qe3 (38. Ne8)
38... c5 39. Rdd1 f4 40. Qe4 b4 41. Qa8+ Nf8 42. Rxg7+ Kxg7 43. Rg1+ Ng6 44.
Qb7+ ({Hvit kunne fått mattangrep med} 44. Qe8 c4+ 45. Kf1 Qa7 (45... Qe3 $2
46. Qf7+ Kh6 (46... Kh8 47. Qf8+ $1 Nxf8 48. Nf7#) 47. Qf8+ $1 Nxf8 48. Nf7#) (
45... Qc7 46. Qxe6 Qd8 47. Qf7+ Kh8 48. Bd5 c3 49. Ne8) 46. Qxe6 Qc7 47. Nf5+
Kf8 48. Bd5) 44... Qxb7 45. Nxb7 c4 46. Be4 Kh6 47. Bxg6 hxg6 48. Kf3 g5 49.
Nc5 a3 50. bxa3 bxa3 51. Nxe6 1-0

[Event "Østlandsserien 2018/2019, 4. div. E"]
[Site "Oslo NOR"]
[Date "2018.11.04"]
[Round "1"]
[White "Selvik, Kjetil"]
[Black "Ruud, Kjetil"]
[Result "1-0"]
[WhiteElo "1486"]
[BlackElo "1733"]
[PlyCount "77"]
[EventDate "2018.11.04"]
[WhiteTeam "SK 1911 6"]
[BlackTeam "Follo 1"]

1. d4 f5 2. g3 e6 3. Bg2 Nf6 4. Nc3 Bb4 5. Bd2 Nc6 6. Nf3 Ne7 7. O-O O-O 8. a3
Bxc3 9. Bxc3 Ne4 10. Qd3 Nxc3 11. Qxc3 f4 12. Qd3 d6 13. e3 fxg3 14. fxg3 Nf5
15. e4 Nh6 16. e5 Nf5 17. Rf2 Qe7 18. Raf1 Bd7 19. c4 a6 20. Nd2 c6 21. Ne4 d5
22. Nc5 dxc4 23. Qxc4 Ne3 24. Rxf8+ Rxf8 25. Rxf8+ Kxf8 26. Qd3 Nxg2 27. Kxg2
Bc8 28. Qxh7 Qc7 29. Qh3 Kf7 30. Qh5+ Kf8 31. Qg6 Qe7 32. Qh7 Qc7 33. Qg6 Qe7
34. Ne4 b6 35. Nd6 Bb7 36. Qh7 c5+ 37. Kh3 Qc7 38. Qh8+ Ke7 39. Qe8# 1-0

[Event "Østlandsserien 2018/2019, 4. div. E"]
[Site "Oslo NOR"]
[Date "2018.11.04"]
[Round "1"]
[White "Lea, Per"]
[Black "Selvik, Elma"]
[Result "1-0"]
[WhiteElo "1729"]
[BlackElo "1320"]
[Annotator "Lea,Per"]
[PlyCount "95"]
[EventDate "2018.11.04"]
[WhiteTeam "Follo 1"]
[BlackTeam "SK 1911 6"]

1. e4 e5 2. Nf3 Nc6 3. Bb5 a6 4. Ba4 Nf6 5. O-O Bc5 (5... Be7 {er det desidert
mest spilte her, men teksttrekket har opplagt sine fordeler, pekende mot f2.
Og ofte får den (som seinere i dette partiet) en kollega plassert på b7 med
potensielt enda styggere trusler}) 6. c3 {Jeg liker tanken på å bygge opp et
kraftig sentrum med et seinere d4} b5 7. Bc2 {I mange spanske varianter
spilles b5 før hvit rekker å spille c3. Allikevel er det ikke sikkert at hvit
tjener et tempo på å komme fra a4 til c2 på ett trekk i stedet for normalt 2.
Et par ganger seinere i partiet ville jeg heller hatt løperen på b3.} Bb6 {I
noen varianter er det greit at løperen ikke blir stående i slag når hvit
spiller d4. Modent gjort av en 11-åring!} 8. d4 d6 9. h3 ({Jeg tenkte lenge på
} 9. Bg5 Bg4 {som mer eller mindre tvinger meg til å oppheve spenningen i
sentrum med} 10. d5) 9... h6 10. Be3 {Nå er vi utenfor gratisbasen på
chessbase.com} (10. Bb3 {har faktisk vært prøvd her (se kommentar til hvits 7.
trekk!) Men jeg (og Stockfish!) kan ikke se annet enn at svart står litt bedre
i den varianten.}) 10... O-O 11. Nbd2 Bb7 12. Re1 (12. d5 Na5 13. Bxb6 cxb6 {
er nok fordelaktig for hvit: den ene løperen som pekte inn mot hvits
kongestilling er byttet av, og den andre stamper mot betong. Men hvordan skal
hvit åpne opp stillingen nå?}) 12... Qd7 13. Nf1 ({Andre trekk som kanskje var
enda bedre:} 13. a3) (13. d5) 13... Ne7 $2 {Gir bort en viktig bonde} 14. dxe5
dxe5 15. Bxb6 cxb6 16. Nxe5 Qc7 17. Ng4 Nd7 ({Både} 17... Nxg4 18. Qxg4) ({og} 
17... Nh7 {er nok bedre}) 18. e5 {Et tve-egget sverd, men jeg vurderte det
dithen at jeg ville klare å tette igjen diagonalen:} Rad8 (18... Qc6 19. Be4 (
19. Nfe3 {er selvfølgelig også mulig, men da lever plutselig hvit litt farlig.}
)) (18... Nc5 {hadde hindret både hvits mattplan som i partiet, såvel som en
igjenplugging av diagonalen a8-h1}) 19. Qd3 $1 {Mer ubehagelig enn man skulle
tro ved første øyekast} Ng6 $2 (19... g6 20. Nxh6+ Kg7 21. Ng4 {er faktisk et
mindre onde}) 20. e6 Qc6 21. exf7+ Rxf7 22. Nxh6+ {Framtvinger dronningbytte
og gir et sluttspill med to merbønder, i tilegg til at svart har en
dobbeltbonde} ({Enda sterkere var} 22. f3 h5 23. Qxg6 Qxg6 24. Bxg6 hxg4 25.
Bxf7+ Kxf7 26. hxg4) 22... gxh6 23. Qxg6+ Qxg6 24. Bxg6 Rg7 25. Be4 {hadde
svarts springer stått på f6 i stedet for d7, hadde svart kunnet spise seg
bortover andreraden med stadige avdekkersjakker} Bxe4 26. Rxe4 Nc5 27. Rd4 (27.
Rh4 {påstås å være bedre, men jeg ville for enhver pris hindre svart i få noe
som kunne ligne på motspill langs andreraden. Springeren på f1 hindrer tåtnet
å komme inn akkurat nå, men jeg vil jo gjerne ha aktivisert springeren. Og et
tårnbytte tar jeg imot med åpne armer.}) 27... Rgd7 28. Rad1 Kf7 29. Ne3 Ke6
30. b3 a5 31. Kf1 b4 $2 (31... a4 {gir mer mening}) 32. Rxd7 Rxd7 33. Rxd7 Nxd7
34. cxb4 axb4 35. Nc2 {Jeg vil for enhver pris hindre svarts konge å komme seg
til b2/c3 og kanskje få seg en fribonde} Nc5 36. Nxb4 Ke5 37. Nc2 (37. Ke2 Kd4
38. g4 Kc3 39. Nd5+ Kb2 40. Nxb6 Kxa2 41. b4 Na6 42. f4 {er nok mer
overbevisende, men jeg foretrakk å spille helt safe}) 37... Nd3 38. a3 Nc5 39.
b4 Nd3 40. Ke2 Nf4+ 41. Kf3 Kf5 (41... b5 42. g3 $1 Ng6 (42... Nxh3 43. Kg2 Ng5
44. f4+) 43. Ne3 Kd4 44. Nf5+ Kc3 45. Nd6 Kb3 46. Nxb5 Ka4 47. Nd4 Kxa3 48. b5
{er lett vunnet for hvit, men jeg opplever teksttrekket som helt risikofritt
selv om det skulle ta litt lenger tid}) 42. Ne3+ Kg5 ({Hvit vil ikke gi bort
h-bonden etter} 42... Ke5 {men nå går det enda verre}) 43. h4+ Kxh4 44. Kxf4
Kh5 45. a4 {Det var forsert matt i 4 trekk, men som kjent:"det enkleste er det
beste"} (45. Kf5 b5 (45... Kh4 46. Nd5 b5 47. Nf4 h5 48. g3#) 46. Nd5 Kh4 47.
Nf4 h5 48. g3#) 45... Kg6 46. a5 bxa5 47. bxa5 Kf7 48. a6 1-0

[Event "Østlandsserien 2018/2019, 4. div. C"]
[Site "Strømmen, Akershus NOR"]
[Date "2018.11.04"]
[Round "1"]
[White "Lund, Petter"]
[Black "Spreemann, Tarek"]
[Result "1/2-1/2"]
[WhiteElo "1642"]
[BlackElo "1926"]
[PlyCount "57"]
[EventDate "2018.11.04"]
[WhiteTeam "Follo 2"]
[BlackTeam "Strømmen 2"]

1. e4 e6 2. Nf3 d5 3. exd5 exd5 4. d4 Nf6 5. Nc3 Bb4 6. Bd2 O-O 7. Be2 Bg4 8.
O-O Nbd7 9. a3 Be7 10. Ne5 Bf5 11. Bg5 h6 12. Nxd7 Qxd7 13. Be3 Rfe8 14. Re1 c6
15. Bf3 Nh7 16. h3 Ng5 17. Bxg5 Bxg5 18. Rxe8+ Rxe8 19. Bg4 Bxg4 20. Qxg4 Qe7
21. Kf1 Bf6 22. Ne2 Qc7 23. Rd1 Re4 24. Qf5 Bh4 25. g3 Bf6 26. Qf3 Qd7 27. Kg2
Qe7 28. Kf1 Qe6 29. g4 1/2-1/2

[Event "Østlandsserien 2018/2019, 4. div. C"]
[Site "Strømmen, Akershus NOR"]
[Date "2018.11.04"]
[Round "1"]
[White "Bruun, Frank Olav"]
[Black "Moberg, Jan Rune"]
[Result "1/2-1/2"]
[WhiteElo "1721"]
[BlackElo "1643"]
[PlyCount "87"]
[EventDate "2018.11.04"]
[WhiteTeam "Strømmen 2"]
[BlackTeam "Follo 2"]

1. d4 d6 2. c4 c6 3. Nc3 Nd7 4. e4 e5 5. Nf3 Ngf6 6. Bg5 Be7 7. Bd3 h6 8. Bh4
Qc7 9. d5 Nf8 10. Bxf6 Bxf6 11. h3 Ng6 12. Ne2 c5 13. Bc2 O-O 14. O-O Bd7 15.
Ba4 a6 16. Bxd7 Qxd7 17. Rb1 b5 18. b3 b4 19. Qd2 Rfe8 20. Rfe1 a5 21. Qc2 Ra7
22. a4 Qd8 23. Qd2 Kh7 24. g3 {med remistilbud} Ne7 25. Kg2 g6 26. h4 Ng8 27.
Rh1 Kg7 28. Rbg1 h5 29. Kf1 Nh6 30. Ng5 Qc8 31. f3 Rh8 32. Qe3 Kf8 33. Ke1 Re7
34. Kd2 Ke8 35. Kd3 Kd8 36. Rf1 Bg7 37. Qf2 Qd7 38. Qg2 Kc8 39. Qh3 f5 40. Ne6
Bf6 41. Rf2 {med nytt remistilbud} Rf7 42. Ke3 Bd8 43. Rff1 Bf6 44. Kd3 {og
her fyrte svart endelig opp fredspipene} 1/2-1/2

[Event "Østlandsserien 2018/2019, 4. div. C"]
[Site "Strømmen, Akershus NOR"]
[Date "2018.11.04"]
[Round "1"]
[White "Olsen, Trygve"]
[Black "Eilertsen, Mikkel"]
[Result "0-1"]
[WhiteElo "1542"]
[BlackElo "1382"]
[Annotator "Olsen, Trygve & Lea,Per"]
[PlyCount "24"]
[EventDate "2018.11.04"]
[WhiteTeam "Follo 2"]
[BlackTeam "Strømmen 2"]

1. f4 d5 2. d4 Nc6 3. Nf3 Bg4 4. Nbd2 Nf6 5. e3 e6 6. Be2 Be7 7. c3 O-O 8. b4
a6 9. a4 b6 10. h3 Bxf3 11. Nxf3 $2 (11. Bxf3 $11) 11... Ne4 12. Bd2 $2 Bh4+ {
Oppgitt - muligens litt for tidlig...} (12... Bh4+ 13. Kf1 Nf2 14. Qe1 $1 ({
Ikke} 14. Qc2 $4 Nxh1 15. Kg1 Ng3 {og svart blir liggende et helt tårn over})
14... Bg3 (14... Nxh1 $2 15. Nxh4 {og hvit får to lette for tårnet siden
springeren på h1 ikke slipper ut i live}) 15. Rg1 {og hvit står (litt) bedre,
men vinsten er ikke opplagt}) 0-1

[Event "Østlandsserien 2018/2019, 4. div. C"]
[Site "Strømmen, Akershus NOR"]
[Date "2018.11.04"]
[Round "1"]
[White "Sæther, Lars Gunnar"]
[Black "Larsen, Jo Ingebrigt"]
[Result "0-1"]
[WhiteElo "1232"]
[BlackElo "1617"]
[PlyCount "84"]
[EventDate "2018.11.04"]
[WhiteTeam "Strømmen 2"]
[BlackTeam "Follo 2"]

1. e4 d6 2. Nf3 Nf6 3. d3 Nbd7 4. Be3 e5 {Som å se en kjent bergenser i aksjon!
} 5. Be2 Be7 6. c3 c6 7. h3 Qc7 8. O-O h6 9. Qc2 g5 10. Rd1 g4 11. hxg4 Nxg4
12. Qd2 Ndf6 13. Kf1 Be6 14. Ke1 Nxe3 15. Qxe3 Ng4 16. Qc1 d5 17. Nbd2 O-O-O
18. Qc2 f5 19. Nf1 dxe4 20. dxe4 Bc5 21. Rd2 Bxf2+ 22. Kd1 Rxd2+ 23. N3xd2 f4
24. Kc1 Rd8 25. Qd1 Ne3 26. Qa4 b5 27. Qa6+ Qb7 28. Qxb7+ Kxb7 29. b3 Nxg2 30.
a4 a6 31. axb5 axb5 32. Rb1 Ne3 33. Nf3 Nxf1 34. Bxf1 Be3+ 35. Kb2 b4 36. cxb4
Bd4+ 37. Kc2 Bg4 38. Be2 Be3 39. Ra1 Bxf3 40. Bxf3 Rd2+ 41. Kc3 Rf2 42. Bg4
Bd4+ 0-1

[Event "Østlandsserien 2018/2019, 4. div. E"]
[Site "Oslo NOR"]
[Date "2018.12.09"]
[Round "2"]
[White "Lange, David"]
[Black "Olsen, William Alexander"]
[Result "1-0"]
[WhiteElo "1979"]
[BlackElo "1581"]
[Annotator "Lange,David"]
[PlyCount "91"]
[EventDate "2018.11.04"]
[WhiteTeam "Follo 1"]
[BlackTeam "Bærum 3"]

1. d4 Nf6 2. c4 e6 3. Nf3 d5 4. e3 c6 5. Nc3 Bb4 6. Bd3 Nbd7 7. O-O O-O 8. Qc2
Qe7 9. Bd2 a5 {Hvit hadde noen skumle planer med Sxd5 i enkelte varianter} 10.
a3 Bxc3 {Gir løperparet til hvit} 11. Bxc3 dxc4 12. Bxc4 b5 {Fundamentalt er
det helt riktig for svart å spille bøndene frem på dronningfløyen, men b5
tvinger svart til å klare å gjennomføre c5 i nærmeste fremtid, ellers blir c6
et svakt punkt.} 13. Bd3 Bb7 14. Qd2 Qd8 15. Rac1 {Tankegangen er at hvit ved
senere anledning skal spille Lb1 og etterpå gå til angrep på kongefløyen
samtidig som de åpne c-og d-linjene er klargjort for tårnene} Qb6 16. b4 {
Svart spiller på å få til c5, hvit spiller på å forhindre dette} axb4 {b5 vil
bli etterlatt som en svak bonde etter at c5 er spilt} 17. Bxb4 Rfc8 18. e4 {
Hvit tillater c5 likevel. De2, Dc2 eller Db2 forhindrer c5 og opprettholder
trykket på svart sin stilling. e4 forhindrer Sd5, men tillater avbytter.} c5
19. dxc5 Nxc5 20. Qe3 Ncd7 {Det frister å gå ut av bindingen og tvinge frem
avbytter. Både Sg4 og Sfd7 gir interessante muligheter for videre spill} 21.
Qxb6 Nxb6 22. Bxb5 Nxe4 {Hvit står igjen med løperparet og en fribonde i
a-linjen} 23. Ne5 Bd5 $2 {Sd5 hadde tvunget frem flere bytter og et remiaktig
sluttspill. Ld5 tillater} 24. Nc6 $1 {som har skumle hensikter med Se7+.
Springeren kan ikks tas, noe som gjør at} Kh8 {er eneste utvei.} 25. f3 {Det
finnes noen avbyttevarianter hvor hvit til slutt må ta hensyn til sekkematt,
så dette mellomtrekket unngår videre komplikasjoner} Nf6 {Siden Sg8 nå er
mulig unngår også svart noen sekkemattproblematikker} 26. Ne7 Rxc1 27. Rxc1 Ra7
$2 {Sannsynligvis den avgjørende feilen. Hvit står allerede presset, og ønsket
om å forsvare syvende raden er prinsipielt riktig. Dessverre er det minst like
farlig å slippe inn hvit på åttende rad} 28. a4 {Planen er ganske enkel.
Dersom springeren på b6 forsvinner har hvit et vinnende angrep på åttende rad.
å jage springeren med a-bonden har også fordelen med at fribonden kommer
nærmere mål samtidig.} h6 {Det er helt riktig av svart å lage luft for kongen,
men h5 er mer korrekt. I noen varianter med Ld3+ hadde den svarte kongen hatt
godt av å ha et ekstra fluktfelt på h6} 29. a5 Nbd7 30. Rc8+ Kh7 31. a6 Nb6 32.
Rf8 {Nå er Ld3+ livsfarlig for svart fordi kongen ikke har noe ekstra
fluktfelt.} Bc4 33. Nc6 $1 Rc7 {Computeren anbefaler allerede den ganske
umenneskelige løsningen å gi bort tårnet med (33... Lxb5)} 34. Bxc4 Nxc4 35. a7
Nb6 36. Ba5 Nfd7 {36... Sfd5 var også mulig, men vil ende med 37.Tb8 Txc6 38.
Txb6!} 37. Rxf7 Rxc6 38. Rxd7 Na8 39. Rb7 {Ikke (39. Td8?? Ta6 40. Txa8 Txa5)
som ender i teoretisk remisstillling. med (39. Tb7) er springeren på a8 er
fanget, og fribonden er fortsatt ikke borte} Rc2 40. Kf1 {Det finnes en rekke
måter for hvit å avgjøre her, de enkleste er å enten gå etter g7, eller dekke
a7 med løperen for å se vinne springeren} Kg6 41. h4 h5 42. Bd8 Ra2 43. Be7 Kf7
44. Bc5+ Kf6 45. Rb8 Nc7 46. Rc8 {Svart må gi hele tårnet for fribonden} 1-0

[Event "Østlandsserien 2018/2019, 4. div. E"]
[Site "Oslo NOR"]
[Date "2018.12.09"]
[Round "2"]
[White "Hestvik, Elias"]
[Black "Lea, Per"]
[Result "1-0"]
[WhiteElo "1726"]
[BlackElo "1731"]
[Annotator "Lea,Per"]
[PlyCount "53"]
[EventDate "2018.11.04"]
[WhiteTeam "Bærum 3"]
[BlackTeam "Follo 1"]

1. e4 e5 2. Nf3 Nc6 3. d4 exd4 4. Bc4 Bb4+ 5. c3 dxc3 6. bxc3 Ba5 7. O-O Nge7
$2 (7... Bb6 8. e5 Nge7 9. Ba3 O-O $11) 8. Ng5 Ne5 ({Svart sliter big-time
etter} 8... O-O $2 9. Qh5 h6 10. Nxf7 Rxf7 11. Bxf7+ Kh7 12. f4) 9. Nxf7 Nxf7
10. Bxf7+ Kxf7 11. Qh5+ Ng6 12. Qxa5 {Jeg trodde hvit hadde en
angrepsfortsettelse her, men å ta tilbake bonden etter diverse avbytter var
kanskje det beste allikevel.} ({Teksttrekket er en liten unøyaktighet:} 12.
Qd5+ Kf8 13. Qxa5 {plasserer svarts konge på et mye dårligere felt.}) 12... c6
13. Qa4 d5 14. exd5 {Nå ser det ut til at hvit har skuslet bort mesteparten av
fordelen.} ({Jeg trodde hvit skulle spille} 14. Rd1 Be6 15. c4 {med farlige
trusler,men jeg hadde overhodet ikke sett hvits beste fortsettelser.} Qd7 $2 ({
Jeg hadde oversett} 15... d4 $1) 16. cxd5 (16. Qb3 Rhc8 17. cxd5 cxd5 18. exd5
Bf5 {oghvit kommer mye bedre ut enn det jeg trodde under partiet}) 16... cxd5
17. Qd4 Rhd8 18. Nc3) 14... Qxd5 15. Rd1 Re8 {En liten morsomhet, som hvit
selvfølgelig gjennomskuer etter ca 0,2 sekunder} 16. Be3 Qe6 ({Etter} 16... Qh5
{er det mulig at svart har itliknet, men av en eller annen grunn vurderte jeg
aldri dette trekket.}) 17. Nd2 Qe7 {Hindrer innslag på a7} 18. Nf3 (18. Bxa7 $4
b5 {og svart vinner offiser og partiet}) 18... Bf5 $4 {En avgjørende feil} (
18... h6 {parerer det meste og selv om den svarte kongen står på et litt
kunstig felt, så har hvit svakere bondestilling}) 19. Ng5+ Kg8 20. Qb3+ $1 ({
Jeg hadde bare sett på} 20. Qc4+ Be6 (20... Kh8 $4 {Det er ikke noe
kvelermattmotiv siden svarts dronning dekker f7, men hvit vinner svarts løper
etter} 21. Nf7+ Kg8 22. Nh6+ Kh8 23. Nxf5)) 20... Be6 21. Nxe6 Qxe6 22. Qxb7 {
Resten er desperasjon fra svarts side} Ne5 23. Bxa7 {"Det enkleste er det
beste"} (23. f4 $4 Nf3+ 24. Kh1 (24. gxf3 Qxe3+ 25. Kg2 Rab8 26. Qa6 Rb2+ {og
svart matter i høyst 5 trekk}) 24... Qxe3 25. Qxc6 Nh4 {og hvits to merbønder
er langt fra fullgod kompensasjon for springeren}) 23... Nd3 24. Bd4 $1 Qf7 25.
Qxf7+ Kxf7 26. Rxd3 Rxa2 {En siste krampetrekning} 27. Rad1 1-0

[Event "Østlandsserien 2018/2019, 4. div. E"]
[Site "Oslo NOR"]
[Date "2018.12.09"]
[Round "2"]
[White "Evenshaug, Amadeus Hestvik"]
[Black "Petersen, Rune J"]
[Result "1-0"]
[WhiteElo "1350"]
[BlackElo "1211"]
[Annotator "Lea,Per"]
[PlyCount "61"]
[EventDate "2018.11.04"]
[WhiteTeam "Bærum 3"]
[BlackTeam "Follo 1"]

1. e4 Nc6 2. d4 e6 3. c4 Bb4+ 4. Nc3 Nxd4 $4 {Svart har blitt brutalt dratt ut
av passivitet for å fylle opp laget, og da kan det fort skje sånne glipper. Nå
er han tvangspåmeldt til Klubbmesterskapet 2019 for å komme i form igjen} 5.
Qxd4 c5 6. Qxg7 Bxc3+ 7. bxc3 Qf6 8. Bh6 d6 9. Qf8+ Kd7 10. Bg7 Qe7 11. Qxe7+
Kxe7 12. Bxh8 e5 13. Bg7 f6 14. h4 Kf7 15. Bh8 Be6 16. O-O-O Rd8 17. Ne2 Bxc4
18. Ng3 Bxa2 19. Nf5 Ke6 20. Ng7+ Kf7 21. Nf5 Ke6 22. Kb2 Ne7 23. Bg7 Nxf5 24.
exf5+ Kxf5 25. Kxa2 Kg6 26. Bxf6 Kxf6 27. Bc4 a6 28. Rh3 b5 29. Bd5 Rd7 30.
Rdd3 Rf7 31. Rdf3+ 1-0

[Event "Østlandsserien 2018/2019, 4. div. E"]
[Site "Ås, Akershus NOR"]
[Date "2019.01.13"]
[Round "3"]
[White "Rolstad, Morten"]
[Black "Furnes, Torstein"]
[Result "1-0"]
[WhiteElo "1808"]
[BlackElo "1772"]
[Annotator "Furnes, Torstein"]
[PlyCount "49"]
[EventDate "2018.11.04"]
[WhiteTeam "OSS hobby"]
[BlackTeam "Follo 1"]

1. e4 c5 2. Nf3 Nc6 3. Bb5 d6 4. Bxc6+ bxc6 5. O-O e5 6. c3 Nf6 7. Re1 Be7 8.
d4 cxd4 9. cxd4 exd4 10. Nxd4 c5 $2 $16 {En svekkelse som gir hvit fordel.} (
10... Bd7 {er bedre}) 11. Nc6 Qc7 12. Nxe7 Qxe7 $2 $18 ({Fritz mener at svart
måtte slå tilbake med kongen.} 12... Kxe7) 13. Bf4 Qb7 14. Bxd6 Qxb2 15. Nd2
Bg4 16. Nf3 Rd8 17. e5 Nd7 18. Qa4 Bxf3 $2 {Overser hvits avgjørende svar:} 19.
Qh4 $1 f6 20. exf6+ Kf7 21. Re7+ Kg6 22. Rxg7+ Kf5 23. Re1 Qd2 24. g4+ Bxg4 25.
Qxg4+ 1-0

[Event "Østlandsserien 2018/2019, 4. div. E"]
[Site "Ås, Akershus NOR"]
[Date "2019.01.13"]
[Round "3"]
[White "Lange, Holger"]
[Black "Fuglesang, Michael W."]
[Result "1-0"]
[WhiteElo "1763"]
[BlackElo "1722"]
[PlyCount "115"]
[EventDate "2018.11.04"]
[WhiteTeam "Follo 1"]
[BlackTeam "OSS hobby"]

1. e4 {[%emt 0:00:00]} c5 2. Nf3 Nc6 3. d4 cxd4 4. Nxd4 e5 5. Nb5 d6 6. Be3 Nf6
7. Nd2 a6 8. Nc3 Be7 9. Be2 O-O 10. O-O Be6 11. Nc4 b5 12. Nb6 Rb8 13. Nbd5
Bxd5 14. exd5 Na5 15. a3 Qc7 16. Qd2 Nc4 17. Bxc4 Qxc4 18. Rfd1 Rfc8 19. Qd3 h6
20. f3 Bd8 21. Rac1 Qxd3 22. Rxd3 Bb6 23. Kf2 Rc4 24. Bxb6 Rxb6 25. Ke3 Nh5 26.
g3 f5 27. b3 Rc5 28. Ne2 Nf6 29. c4 bxc4 30. bxc4 Rb2 31. Rd2 Rb3+ 32. Rd3 f4+
33. gxf4 exf4+ 34. Nxf4 Rxd3+ 35. Nxd3 Ra5 36. Rc3 Nd7 37. Kd4 Ra4 38. Rb3 Kf7
39. Kc3 Kf6 40. Nb2 Ra5 41. Kb4 Rc5 42. Nd3 a5+ 43. Kc3 Rc7 44. Rb5 Ra7 45. Kd4
g5 46. c5 dxc5+ 47. Nxc5 Ne5 48. Ke4 Nc4 49. Kd4 Nxa3 50. Rb6+ Kf5 51. d6 Kf6
52. d7+ Ke7 53. Re6+ Kf7 54. d8=Q Nb5+ 55. Ke3 Nc7 56. Qe7+ Kg8 57. Rg6+ Kh8
58. Qg7# 1-0